000 00465nam a2200181Ia 4500
001 20034
003 IN-NITTTR
005 20251114233230.0
008 251113s9999||||xx |||||||||||||| ||eng||
040 _beng
040 _cIN-NITTTR
041 _aeng
082 _a620.106 J613I
100 _aJohn, James E. A.
245 0 _aIntroduction of fluid mechanics. /
_cJohn, James E. A., Harberman, William L.
700 _a Harberman, William L.
942 _2ddc
_cBK
999 _c22668
_d22668